LEADER 00851cam0-22003131i-450 001 990003634590403321 005 20250916115313.0 035 $a000363459 035 $aFED01000363459 035 $a(Aleph)000363459FED01 100 $a20030910d1887----km-y0itay50------ba 101 0 $aita 102 $aIT 105 $ay-------001yy 200 1 $aFrancesco II Re$fNiccola Nisco 210 $aNapoli$cAntonio Morano$d1887 215 $a186 p.$d18 cm 700 1$aNisco,$bNicola$f<1820-1902>$0378262 801 0$aIT$bUNINA$gRICA$2UNIMARC 901 $aBK 912 $a990003634590403321 952 $aSE 047.01.05-$bS.I.$fDECSE 952 $aSE 073.04.35-$fDECSE 952 $a7/III E 55$bbibl.18976$fFLFBC 952 $a4/II 17$bbibl.2395$fFLFBC 959 $aDECSE 959 $aFLFBC 996 $aFrancesco II Re$94434014 997 $aUNINA